Loading...
| History - European History | 0 | 6 | 0 | 1 | 60 | 45 | 92.67 | 2 | 4 |
| History - American History | 0 | 6 | 1 | 0 | 55 | 43 | 78.33 | 2 | 4 |
| History - World History | 0 | 3 | 0 | 0 | 30 | 94 | 105.33 | 0 | 1 |
| Mythology | 0 | 2 | 0 | 0 | 20 | 105 | 114.50 | 0 | 0 |
| Social Science | 0 | 2 | 0 | 0 | 20 | 22 | 56.50 | 1 | 2 |
| Other | 0 | 2 | 0 | 0 | 20 | 106 | 108.00 | 0 | 0 |
| History - Other History | 0 | 2 | 0 | 1 | 20 | 66 | 100.50 | 0 | 1 |
| Literature - American Literature | 0 | 1 | 0 | 0 | 10 | 118 | 118.00 | 0 | 0 |
| Fine Arts - Painting & Sculpture | 0 | 1 | 0 | 0 | 10 | 151 | 151.00 | 0 | 0 |
| Literature - British Literature | 0 | 1 | 0 | 1 | 10 | 117 | 117.00 | 0 | 1 |
| Science - Chemistry | 0 | 1 | 0 | 0 | 10 | 99 | 99.00 | 0 | 1 |